Στάλινγκραντ.
| Main Author: | |
|---|---|
| Format: | Book |
| Language: | English |
| Published: |
Αθήνα:
ΒΙΠΕΡ,
1965.
|
| LEADER | 00497nam a22000977a 4500 | ||
|---|---|---|---|
| 008 | 190607s1965 gr ||||| |||| 00| 0 eng d | ||
| 952 | |0 0 |1 0 |2 ddc |4 0 |6 904_000000000000000_ΚΑΡ_ΣΥ_Κ |7 0 |9 232828 |a ARCH |b ARCH |c DON |d 2019-06-07 |i 011808 |l 0 |o 904 ΚΑΡ ΣΥ.Κ |p 025000213164 |r 2019-06-07 00:00:00 |t 1 |w 2019-06-07 |y BKD |z ΣΥΛΛΟΓΗ ΚΑΣΙΜΑΤΗ | ||
| 999 | |c 141361 |d 141361 | ||
| 100 | 1 | |9 176066 |a Ραιμόν Καρτιέ |e συγγραφέας. | |
| 245 | 1 | 0 | |a Στάλινγκραντ. |
| 260 | |a Αθήνα: |b ΒΙΠΕΡ, |c 1965. | ||